|
|
|
|
| LEADER |
04256nam a22004333i 4500 |
| 001 |
EBC7015189 |
| 003 |
MiAaPQ |
| 005 |
20231204023225.0 |
| 006 |
m o d | |
| 007 |
cr cnu|||||||| |
| 008 |
231204s2021 xx o ||||0 eng d |
| 020 |
|
|
|a 9783110725612
|q (electronic bk.)
|
| 035 |
|
|
|a (MiAaPQ)EBC7015189
|
| 035 |
|
|
|a (Au-PeEL)EBL7015189
|
| 035 |
|
|
|a (OCoLC)1262307456
|
| 040 |
|
|
|a MiAaPQ
|b eng
|e rda
|e pn
|c MiAaPQ
|d MiAaPQ
|
| 082 |
0 |
|
|a 909/.09822
|
| 100 |
1 |
|
|a Forness, Philip Michael.
|
| 245 |
1 |
4 |
|a The Good Christian Ruler in the First Millennium :
|b Views from the Wider Mediterranean World in Conversation.
|
| 250 |
|
|
|a 1st ed.
|
| 264 |
|
1 |
|a Berlin/Boston :
|b Walter de Gruyter GmbH,
|c 2021.
|
| 264 |
|
4 |
|c ©2021.
|
| 300 |
|
|
|a 1 online resource (474 pages)
|
| 336 |
|
|
|a text
|b txt
|2 rdacontent
|
| 337 |
|
|
|a computer
|b c
|2 rdamedia
|
| 338 |
|
|
|a online resource
|b cr
|2 rdacarrier
|
| 490 |
1 |
|
|a Millennium-Studien / Millennium Studies ;
|v v.92
|
| 505 |
0 |
|
|a Intro -- Preface -- Contents -- Introduction: Expanding the Discourse on Good Christian Rulership -- A. The Good Christian Ruler in the Roman Empire -- Finding a Common Cause: Fourth-Century Greek Discourses on Rulership -- The Good Sinful Ruler: Ambrose of Milan and Theodosius I -- The Emperor's Two Cities: Augustine's Image of the Good Christian Ruler in De civitate Dei 5.24 -- Pious and Impious Christian Rulers According to Egyptian Historiography and Hagiography: A First Survey of the Evidence -- Faithful Rulers and Theological Deviance: Ephrem the Syrian and Jacob of Serugh on the Roman Emperor -- B. The Good Christian Ruler between Persia and Rome -- Images of the Good Ruler in Sasanian Iran: An Emic View -- Representations of Rulership in Late Antique Armenia -- The Depiction of the Arsacid Dynasty in Medieval Armenian Historiography -- Vakhtang I Gorgasali (r. 447-522) as a Christian Monarch in Georgia: His Depiction in the Life of Kartli -- The Creation of a "Pious" Image of King Vačʽagan II (r. c. 485-523) of Caucasian Albania in the Tale of Vačʽagan (Early Sixth Century) -- Concerning Four Kings From the Land of 'Deep Ravines, Dense Forests and Dark Thickets' -- C. The Good Christian Ruler in Post‐Roman Traditions -- The Good Ruler from a Papal Perspective: Continuities and Discontinuities in Papal Letters from the Fourth to Eighth Centuries -- The Image of the Christian Ruler in the Catholic Monarchy of Visigothic Spain: Julian of Toledo's Historia Wambae -- Goodness and Cruelty: The Image of the Ruler of the First Bulgarian Empire in the Period of Christianisation (Ninth Century) -- A Christian King in Africa: The Image of Christian Nubian Rulers in Internal and External Sources -- D. The Good Ruler under Islamic Rule -- Justice and Good Administration in Medieval Islam: The Book of the Pearl of the Ruler by Ibn ʿAbd Rabbih (860-940).
|
| 505 |
8 |
|
|a Images of Emperors and Emirs in Early Islamic Egypt -- Shaping the Good Christian King under Muslim Rule: Constantine and the Torah in the Melkite Arabic Chronicle of Agapius of Mabbug (Tenth Century) -- Index of Persons and Places -- Subject Index.
|
| 520 |
|
|
|a Millennium pursues an interdisciplinary approach transcending historical eras. The international editorial board and the advisory board represent a wide range of disciplines - contributions from art and literary studies are just as welcome as historical, theological and philosophical disciplines; contributions on Latin and Greek cultures just as welcome as on Oriental cultures.
|
| 588 |
|
|
|a Description based on publisher supplied metadata and other sources.
|
| 590 |
|
|
|a Electronic reproduction. Ann Arbor, Michigan : ProQuest Ebook Central, 2023. Available via World Wide Web. Access may be limited to ProQuest Ebook Central affiliated libraries.
|
| 655 |
|
4 |
|a Electronic books.
|
| 700 |
1 |
|
|a Hasse-Ungeheuer, Alexandra.
|
| 700 |
1 |
|
|a Leppin, Hartmut.
|
| 776 |
0 |
8 |
|i Print version:
|a Forness, Philip Michael
|t The Good Christian Ruler in the First Millennium
|d Berlin/Boston : Walter de Gruyter GmbH,c2021
|
| 797 |
2 |
|
|a ProQuest (Firm)
|
| 830 |
|
0 |
|a Millennium-Studien / Millennium Studies
|
| 856 |
4 |
0 |
|u https://ebookcentral.proquest.com/lib/matrademy/detail.action?docID=7015189
|z Click to View
|